000
00295nam a22001337a 4500
008
170503b xxu||||| |||| 00| 0 eng d
020
_a
2900495390892
041
_a
eng
080
_2
10 ED
_a
343.9
100
_a
13
101
_a
SHJ
245
_a
CRIMINAL LAW
_c
GARDNER.TH.J
942
_2
udc
_c
BK
999
_c
12543
_d
12543